Dimensiones olvidadas del evangelio : (Registro nro. 61448)
[ vista simple ]
| 000 -LÍDER | |
|---|---|
| Campo fijo de descripción fija | 01346cab a2200229 i 4500 |
| 001 - NÚMERO DE CONTROL | |
| Campo de control | 768714001 |
| 003 - IDENTIFICADOR DEL NÚMERO DE CONTROL | |
| Campo de control | CO-MdFUSB |
| 005 - FECHA Y HORA DE LA ULTIMA TRANSACCIÓN | |
| control field | 20230404145916.0 |
| 008 - ELEMENTOS DE LONGITUD FIJA -- INFORMACIÓN GENERAL | |
| Campo fijo de descripción fija -- Información general | 180718s2003 gt ||||| |||| 00| 0 spa d |
| 022 ## - NÚMERO INTERNACIONAL NORMALIZADO PARA PUBLICACIONES SERIADAS | |
| Número Internacional Normalizado para Publicaciones Seriadas | 1014-9341 |
| 040 ## - FUENTE DE CATALOGACIÓN | |
| Agencia Catalogadora | CO-MdFUSB |
| Idioma de catalogación | spa |
| Agencia que realiza la transcripción | CO-MdFUSB |
| Agencia que realiza la modificación | CO-MdFUSB |
| 041 ## - CÓDIGO DE IDIOMA | |
| Código de idioma para texto/pista de sonido o título separado | spa |
| 100 1# - ASIENTO PRINCIPAL--NOMBRE PERSONAL | |
| Nombre personal | Sywulka, Pablo |
| Término relacionador | autor |
| 245 10 - TÍTULO | |
| Título | Dimensiones olvidadas del evangelio : |
| Subtitulo | el evangelio para la comunidad |
| Mención de responsabilidad | / Dr. Pablo Sywulka |
| 300 ## - DESCRIPCIÓN FÍSICA | |
| Extensión | Número 33 (Julio - Diciembre, 2003), páginas 29-39 |
| Dimensiones | ; 22 cm |
| 520 ## - NOTA DE RESUMEN, ETC. | |
| Nota de sumario, etc. | Además del enfoque del individuo, el evangelio tien una dimensión comunitaria que incluye por lo menos tres aspectos. El evangelio anuncia lo que Dios ha hecho para formar una nueva comunidad, debe ser proclamado dentro de la comunidad y exige una respuesta de la iglesia como comunidad. La proclamación dentro de la comunidad edifica al creyente, ofrece salvación al inconverso y produce alabanza a Dios. La respuesta de la comunidad ha de exhibir el carácter del Dios del evangelio en conducta, testimonio y adoración |
| 650 #7 - ASIENTO SECUNDARIO DE MATERIA - TERMINO TEMÁTICO | |
| 9 (RLIN) | 655 |
| Término temático o nombre geográfico como elemento de entrada | Iglesia |
| 653 ## - TÉRMINO DE INDIZACIÓN - NO CONTROLADO | |
| Término no controlado | Comunidad -- Cristianismo. |
| 773 0# - ASIENTO DE ITEM FUENTE | |
| Título | Kairós |
| Biblionumber | 49489 |
| Itemnumber | 61229 |
| Parte(s) relacionada(s) / Volumen., número. (mes año), páginas | Número 33 (Julio - Diciembre, 2003), páginas 29-39 |
| Enumeración y primera página | Página 29 |
| 773 0# - ASIENTO DE ITEM FUENTE | |
| Título | Kairós |
| Biblionumber | 49489 |
| Itemnumber | 81319 |
| Parte(s) relacionada(s) / Volumen., número. (mes año), páginas | Número 33 (Julio - Diciembre, 2003), páginas 29-39 |
| Enumeración y primera página | Página 29 |
| 942 ## - TIPO DE MATERIAL (KOHA) | |
| Tipo de Item KOHA | Artículos de Revista |
No hay ítems disponibles.
